LEADER 00640nam a2200181 i 4500 001 000000103229 003 CaOOAMICUS 005 20260225142059.0 008 010920s1995 it u000 u ita u 040 $aSeMil$bita 245 10$a6: Erfurt-Giustiniano. 300 $aXXVI, 815 p. 773 0 $tEnciclopedia dell'arte medievale.$dRoma : Istituto della Enciclopedia Italiana, 1991-2002.$gVolume6$w()3326 850 $aSeMil 852 $aSeMil$W1$xVenegono$y1$mSL1.K I 24$j267667$B59690$CSeMilBibl$Z2$F44181 $8I 961 $aAcquisto: Casa editrice 996 $6245$a6: Erfurt-Giustiniano$9(OLS)http://semarc/title/149997 LEADER 01228nam a2200241 i 4500 001 000000073463 003 CaOOAMICUS 005 20260225074951.0 008 090702s1977 it u000 u mul u 013 $a44635 040 $aSeMil$bita 100 1 $aCampanella, Tommaso,$c.$0(OLS)http://semarc/name/89924 245 10$aArticuli prophetales /$c; edizione critica a cura di Germana Ernst Tommaso Campanella. 260 $aFirenze :$bLa Nuova Italia,$c1977. 300 $aXLVI, 317 p. ;$c24 cm. 490 0 $aPubblicazioni del Centro di studi del pensiero filosofico del Cinquecento e del Seicento in relazione ai problemi della scienza. Ser. 3, Testi ;$v3 700 1 $aErnst, Germana,$d<1943-2016>.$0(OLS)http://semarc/name/92696 830 0$aPubblicazioni del Centro di studi del pensiero filosofico del Cinquecento e del Seicento in relazione ai problemi della scienza. Ser. 3, Testi ;$v3.$0(OLS)http://semarc/title/28638 850 $aSeMil 852 $aSeMil$W1$xVenegono$y1$m2Q V 200$j39615$B39615$CSeMilBibl$Z2$F39619 $81 996 $6245$aArticuli prophetales$9(OLS)http://semarc/title/118629 996 $6260$aFirenze :$bLa Nuova Italia$9(OLS)http://semarc/publisher/30055